| 000 | 01114nam0a2200313 4500 | ||
|---|---|---|---|
| 001 | RU\NLR\bibl\1004218 | ||
| 005 | 20260406064758.0 | ||
| 010 |
_a5-7905-2611-Х _915000 |
||
| 021 |
_aRU _b2006-57965 _92869 |
||
| 035 | _a(NLR Aleph) 000991900 | ||
| 090 |
_a524151 _c524151 |
||
| 100 | _a20061107d2006 |||y0rusy50 ca | ||
| 101 | 0 | _arus | |
| 102 | _aRU | ||
| 105 | _ay ||||||||| | ||
| 200 | 1 |
_aЛечение болезней почек _fЮлия Савельева |
|
| 210 |
_aМосква _cРИПОЛ классик _d2006 |
||
| 215 |
_a62, [1] с. _d20 |
||
| 225 | 1 | _aЗдоровье и красота | |
| 300 | _aНа обл. авт. не указан | ||
| 606 | 1 |
_aПочки _xБолезни _xТерапия народными средствами _92169036 _3RU\NLR\auth\661304885 |
|
| 686 | _aР414-5 | ||
| 686 | _aР696.5 | ||
| 700 | 1 |
_4070 _7ca _8rus _aСавельева _bЮ. В. _cспециалист по народ. медицине _gЮлия В. _97174 _3RU\NLR\auth\7724122 |
|
| 801 | 0 |
_aRU _bNLR _c20061107 _grcr |
|
| 801 | 1 |
_aRU _bNLR _c20061107 |
|
| 942 | _cBOOK | ||
| 980 | _aNB | ||